[Event "Barcelona Sant Marti op-A 23rd"]
[Site "Barcelona"]
[Date "2023.07.20"]
[Round "8"]
[White "Castano Herrera, Saray"]
[Black "Aymerich Martinez, Josep Ramon"]
[Result "1-0"]
[WhiteElo "1741"]
[BlackElo "1801"]
[PlyCount "67"]
[EventDate "2023.07.13"]
[EventType "swiss"]
[EventRounds "9"]
[EventCountry "ESP"]
[SourceTitle "CBM 215 Extra"]
[Source "ChessBase"]
[SourceDate "2023.09.30"]
[SourceVersion "1"]
[SourceVersionDate "2023.09.30"]
[SourceQuality "1"]

1. c4 Nf6 2. Nc3 g6 3. g3 Bg7 4. Bg2 d6 5. e3 e5 6. Nge2 0-0 7. 0-0 c6 8. d4 Be6 9. b3 Na6 10. Bb2 Qe7 11. d5 cxd5 12. Nxd5 Nxd5 13. Bxd5 Bxd5 14. Qxd5 Nc5 15. Rad1 Rad8 16. Nc3 a6 17. b4 Ne6 18. Ne4 Ng5 19. Nxg5 Qxg5 20. Qxb7 a5 21. b5 Qf5 22. Rc1 a4 23. Rfd1 Rfe8 24. Ba3 Bf8 25. b6 e4 26. Rd5 Qh3 27. Qc6 Rc8 28. Qxa4 Ra8 29. Qb3 Rab8 30. Bxd6 Rbd8 31. c5 Bxd6 32. cxd6 Rd7 33. b7 Rdd8 34. d7 1-0

[Event "Barcelona Sant Marti op-A 23rd"]
[Site "Barcelona"]
[Date "2023.07.17"]
[Round "5"]
[White "Aymerich Martinez, Josep Ramon"]
[Black "Alcala Valiente, Juan Carlos"]
[Result "0-1"]
[WhiteElo "1801"]
[BlackElo "1946"]
[PlyCount "50"]
[EventDate "2023.07.13"]
[EventType "swiss"]
[EventRounds "9"]
[EventCountry "ESP"]
[SourceTitle "CBM 215 Extra"]
[Source "ChessBase"]
[SourceDate "2023.09.30"]
[SourceVersion "1"]
[SourceVersionDate "2023.09.30"]
[SourceQuality "1"]

1. e4 c5 2. Nf3 Nc6 3. d4 cxd4 4. Nxd4 g6 5. c4 Bg7 6. Be3 Nh6 7. Be2 d6 8. f3 f5 9. Qd2 Nxd4 10. Bxd4 0-0 11. Nc3 fxe4 12. Bxg7 Kxg7 13. Qd4+ e5 14. Qxe4 Rf4 15. Qc2 Nf5 16. g4 Nd4 17. Qd3 Qh4+ 18. Kd1 Nxf3 19. Kc1 Bxg4 20. b3 Nd4 21. Bxg4 Qxg4 22. Kb2 Rf2+ 23. Ka3 Nc2+ 24. Ka4 Qd7+ 25. Nb5 a6 0-1

[Event "Barcelona Sant Marti op-B 22nd"]
[Site "Barcelona"]
[Date "2022.07.15"]
[Round "3"]
[White "Aymerich Martinez, Josep Ramon"]
[Black "Mas Recorda, Pere"]
[Result "1-0"]
[WhiteElo "1723"]
[BlackElo "1877"]
[PlyCount "45"]
[EventDate "2022.07.13"]
[EventType "swiss"]
[EventRounds "9"]
[EventCountry "ESP"]
[SourceTitle "CBM 210 Extra"]
[Source "ChessBase"]
[SourceDate "2022.11.30"]
[SourceVersion "1"]
[SourceVersionDate "2022.11.30"]
[SourceQuality "1"]

1. e4 e6 2. d4 d5 3. Bd3 dxe4 4. Bxe4 Nf6 5. Bf3 c5 6. Ne2 Nc6 7. Be3 cxd4 8. Nxd4 Ne5 9. Nd2 Be7 10. Qe2 0-0 11. 0-0-0 Nxf3 12. N2xf3 Qc7 13. Kb1 a6 14. Bg5 Nd5 15. Bxe7 Nxe7 16. Rhe1 Nc6 17. Nxc6 Qxc6 18. Ne5 Qc7 19. Qc4 Qa5 20. Re3 Rd8 21. Rxd8+ Qxd8 22. Rd3 Qe8 23. Qc7 1-0

[Event "Hospitalet de Llobregat Ponce 11th"]
[Site "Hospitalet de Llobregat"]
[Date "2022.06.18"]
[Round "9"]
[White "Perez Alonso, Jordi"]
[Black "Aymerich Martinez, Josep Ramon"]
[Result "1-0"]
[WhiteElo "1635"]
[BlackElo "1763"]
[PlyCount "86"]
[EventDate "2022.04.23"]
[EventType "swiss"]
[EventRounds "9"]
[EventCountry "ESP"]
[SourceTitle "EXT 2023"]
[Source "ChessBase"]
[SourceDate "2022.10.05"]
[SourceVersion "1"]
[SourceVersionDate "2022.10.05"]
[SourceQuality "1"]

1. e4 c5 2. Nf3 d6 3. d4 cxd4 4. Nxd4 Nf6 5. Nc3 a6 6. a4 e5 7. Nb3 Be6 8. Bg5 Be7 9. Bxf6 Bxf6 10. Nd5 Bxd5 11. Qxd5 Nc6 12. c3 0-0 13. Rd1 Be7 14. Bc4 Kh8 15. Rd3 Rc8 16. Rf3 Bf6 17. 0-0 Qc7 18. Be2 Ne7 19. Qd2 Qc6 20. Bd3 Qxa4 21. Bc2 Qc6 22. Rd1 Rcd8 23. Rxf6 gxf6 24. Qh6 Ng8 25. Qh4 Qd7 26. Rd3 f5 27. Rh3 f6 28. exf5 Rf7 29. f4 b6 30. g4 a5 31. g5 Rb8 32. Nd2 Qe7 33. fxe5 dxe5 34. g6 Rg7 35. Bb3 Rf8 36. Ne4 b5 37. Nd6 Qd7 38. Ne4 b4 39. Nd6 bxc3 40. Kf2 cxb2 41. Bf7 Rfxf7 42. Nxf7+ Rxf7 43. gxf7 Qd2+ 1-0